00493nam a2200193 a 4500001001300000003000900013005001700022008004100039020000900080082001300089100002300102245004700125260003000172300000900202500003500211505001000246650002000256700002300276nice12345678IN_TiNIC20260116013447.0050524s1996 wara grp 000 0 eng  ac8500a823bRED aReddy, K Indersena aWomen Rebels-Telugu Feminist Short Stories aWarangalbIndu Pub.c1996 a138p aincludes index and biblioraphy2 aIndex aEnglish-Fiction1 aReddy, K Indersena